| 000 | 00444nam a22001577a 4500 | ||
|---|---|---|---|
| 082 |
_a363.7 _bSIV/E |
||
| 100 | _aSIVARAJAN, K | ||
| 100 | _aFAZILUDDIN. A | ||
| 245 | _aSCIENCE EDUACTION | ||
| 250 | _aREVISED FOURTH EDITION | ||
| 260 |
_aCALICUT _bCALICUT UNIVERSITY _c2006 |
||
| 300 | _a437 | ||
| 520 | _aMETHODOLOGY OF TEACHING AND PEDAGOGIC ANALYSIS - PHYSICAL SCIENCE & NATURAL SCIENCE | ||
| 650 |
_aSCIENCE REFERENCE _zINDIA |
||
| 942 | _cBK | ||
| 999 |
_c1453 _d1453 |
||